<?xml version="1.0" encoding="UTF-8"?>
<collection xmlns="http://www.loc.gov/MARC21/slim">
 <record>
  <leader>01410cam a2200409 i 4500</leader>
  <controlfield tag="001">000043213</controlfield>
  <controlfield tag="003">1088</controlfield>
  <controlfield tag="005">20030917150408.0</controlfield>
  <controlfield tag="008">010326b1997    vm            000   vie</controlfield>
  <datafield tag="020" ind1=" " ind2=" ">
   <subfield code="c">48000</subfield>
  </datafield>
  <datafield tag="022" ind1=" " ind2=" ">
   <subfield code="a">T</subfield>
  </datafield>
  <datafield tag="040" ind1=" " ind2=" ">
   <subfield code="a">IRC</subfield>
   <subfield code="c">IRC</subfield>
   <subfield code="d">IRC</subfield>
  </datafield>
  <datafield tag="041" ind1="0" ind2=" ">
   <subfield code="a">vie</subfield>
  </datafield>
  <datafield tag="082" ind1="1" ind2="4">
   <subfield code="a">332.12</subfield>
   <subfield code="b">Ng-V</subfield>
  </datafield>
  <datafield tag="245" ind1="0" ind2="0">
   <subfield code="a">Nghiệp vụ ngân hàng thương mại /</subfield>
   <subfield code="c">Lê Văn Tề, Ngô Hướng, Đỗ Linh Hiệp, Hồ Diệu, Lê Thẩm Dương.</subfield>
  </datafield>
  <datafield tag="260" ind1=" " ind2=" ">
   <subfield code="a">Tp.HCM :</subfield>
   <subfield code="b">Nxb Tp.HCM,</subfield>
   <subfield code="c">1997.</subfield>
  </datafield>
  <datafield tag="300" ind1=" " ind2=" ">
   <subfield code="a">556tr. ;</subfield>
   <subfield code="c">20cm.</subfield>
  </datafield>
  <datafield tag="520" ind1="3" ind2=" ">
   <subfield code="a">Ngân hàng thương mại - tổng quan, tài sản có và tài sản nợ, các phương tiện thanh toán và dịch vụ ngân quỹ, tín dụng và chính sách tín dụng, chiết khấu thương phiếu, tín dụng ứng trước, thấu chi, tín dụng trung và dài hạn, cho vay hộ nông dân...</subfield>
  </datafield>
  <datafield tag="630" ind1="0" ind2="4">
   <subfield code="a">Kinh tế.</subfield>
  </datafield>
  <datafield tag="630" ind1="0" ind2="4">
   <subfield code="a">Ngân hàng.</subfield>
  </datafield>
  <datafield tag="650" ind1="0" ind2="4">
   <subfield code="a">Ngân hàng.</subfield>
  </datafield>
  <datafield tag="650" ind1="0" ind2="4">
   <subfield code="a">Ngân hàng thương mại.</subfield>
  </datafield>
  <datafield tag="700" ind1="1" ind2=" ">
   <subfield code="a">Lê Văn Tề,</subfield>
   <subfield code="c">PGS. PTS.</subfield>
  </datafield>
  <datafield tag="700" ind1="1" ind2=" ">
   <subfield code="a">Ngô Hướng,</subfield>
   <subfield code="c">PTS.</subfield>
  </datafield>
  <datafield tag="700" ind1="1" ind2=" ">
   <subfield code="a">Đỗ Linh Hiệp,</subfield>
   <subfield code="c">PTS.</subfield>
  </datafield>
  <datafield tag="700" ind1="1" ind2=" ">
   <subfield code="a">Hồ Diệu,</subfield>
   <subfield code="c">PTS.</subfield>
  </datafield>
  <datafield tag="700" ind1="1" ind2=" ">
   <subfield code="a">Lê Thẩm Dương,</subfield>
   <subfield code="c">PTS.</subfield>
  </datafield>
  <datafield tag="OWN" ind1=" " ind2=" ">
   <subfield code="a">DUT</subfield>
  </datafield>
  <datafield tag="999" ind1=" " ind2=" ">
   <subfield code="a">From the UDN01</subfield>
  </datafield>
  <datafield tag="TYP" ind1=" " ind2=" ">
   <subfield code="a">Monograph</subfield>
  </datafield>
  <datafield tag="TYP" ind1=" " ind2=" ">
   <subfield code="a">Printed language</subfield>
  </datafield>
  <datafield tag="980" ind1=" " ind2=" ">
   <subfield code="a">Mạng thư viện Đại học Đà Nẵng</subfield>
  </datafield>
 </record>
</collection>
